conjonction de coordination en anglais - Statistiques

Statistiques générales
  • Ce quiz a été pris 31 fois
    16 depuis la dernière actualisation
  • Le résultat moyen est 8 sur 55
Statistiques - réponses
Français Anglais % Correct
ni nor
58%
bien que although
42%
comme si as if
42%
soit...soit either...or
33%
grâce à thanks to
33%
dans la plupart des cas in most cases
25%
Pendant ce temps meanwhile
25%
néammoins nevertheless
25%
pour résumer to sum up
25%
n'importe quand whenever
25%
pendant que while
25%
au dessus de above
17%
devant ahead
17%
de toute façons anyway
17%
bien que even though
17%
finalement eventually
17%
afin de in order to
17%
malgrè le faite que in spite of the fact that
17%
pendant ce temps là meanwhile
17%
ni...ni neither...or
17%
Sinon/autrement otherwise
17%
restant remaining
17%
puisque since
17%
vers/ en direction de toward
17%
alors que Whereas
17%
pourtant yet
17%
en ce qui concerne as far as
8%
également as well
8%
Ainsi que As well as
8%
à l'époque back in the day
8%
en plus besides
8%
à la fois.....et both...and
8%
d'ailleurs by the way
8%
en avant forward
8%
c'est à dire namely
8%
néanmoins nonetheless
8%
d'un côté...de l'autre côté on the one hand.. on the other hand
8%
en raison de owing to
8%
plutôt rather
8%
comme par exemple such as
8%
ainsi thus
8%
à moins que unless
8%
générallement usually
8%
chaque fois que whenever
8%
tandis que while
8%
effectivement actually
0%
à vrai dire, en réalité as a matter of fact
0%
de plus furthermore
0%
de la même manière likewise
0%
particulièrement/ spécialement notably
0%
précédent/ antérieur prior
0%
à condition que provided
0%
pour so as to
0%
tel que such as
0%
par conséquent therefore
0%
Aucun quiz correspondant
Distribution des résultats
% des personnes avec chaque résultat
Percentile par nombre de réponses
Votre historique - résultats
Vous n’avez pas pris ce quiz depuis la dernière actualisation